[Event "Charleroi op"]
[Site "Charleroi"]
[Date "2018.08.04"]
[Round "9"]
[White "Barbier, Sigiswald"]
[Black "Grodent, Gerald"]
[Result "1-0"]
[WhiteElo "2117"]
[BlackElo "2017"]
[PlyCount "103"]
[EventDate "2018.07.28"]
[EventType "swiss"]
[EventRounds "9"]
[EventCountry "BEL"]
[SourceTitle "CBM 185 Extra"]
[Source "ChessBase"]
[SourceDate "2018.07.29"]
[SourceVersion "1"]
[SourceVersionDate "2018.07.29"]
[SourceQuality "1"]

1. c4 e6 2. g3 Nf6 3. Bg2 d5 4. Nf3 Be7 5. 0-0 0-0 6. b3 Nbd7 7. Bb2 c6 8. e3 Re8 9. Qc2 Bd6 10. Nc3 Nf8 11. d4 Ng6 12. c5 Bc7 13. e4 dxe4 14. Nxe4 Nd5 15. Ne5 f6 16. Nc4 Rf8 17. Rfe1 b5 18. cxb6 axb6 19. a4 f5 20. Ned2 b5 21. Ne5 Nxe5 22. dxe5 Bb7 23. Nf3 Bb6 24. Red1 Qe7 25. Nd4 Bxd4 26. Bxd4 Rfc8 27. Bc5 Qf7 28. a5 Qh5 29. Rd4 g5 30. Bxd5 cxd5 31. b4 Kh8 32. Qd1 Qxd1+ 33. Raxd1 Kg7 34. f3 Kg6 35. Kf2 h6 36. h4 Rc7 37. Rh1 Rh7 38. Rdd1 Rc8 39. Ra1 Ba6 40. Ke3 Rf7 41. hxg5 hxg5 42. f4 g4 43. Kd4 Rh7 44. Rxh7 Kxh7 45. Rc1 Kg6 46. Rc3 Rc7 47. Bb6 Rxc3 48. Kxc3 Kf7 49. Bf2 Ke7 50. Kd4 Kd7 51. Kc5 Kc7 52. Bd4 1-0

[Event "Geraardsbergen op"]
[Site "Geraardsbergen"]
[Date "2013.08.11"]
[Round "4"]
[White "Okhotnik, Vladimir"]
[Black "Barbier, Sigiswald"]
[Result "1/2-1/2"]
[WhiteElo "2414"]
[BlackElo "2106"]
[PlyCount "110"]
[EventDate "2013.08.10"]
[EventType "swiss"]
[EventRounds "9"]
[EventCountry "BEL"]
[SourceTitle "CBM 155 Extra"]
[Source "ChessBase"]
[SourceDate "2013.08.26"]
[SourceVersion "1"]
[SourceVersionDate "2013.08.26"]
[SourceQuality "1"]

1. e4 c5 2. Nf3 g6 3. c3 Bg7 4. d4 cxd4 5. cxd4 d5 6. e5 Bg4 7. Bb5+ Nc6 8. Bxc6+ bxc6 9. Nbd2 Nh6 10. h3 Bxf3 11. Nxf3 0-0 12. 0-0 Qc7 13. Bf4 e6 14. Qd2 Nf5 15. Rfc1 Rfc8 16. Rc2 Bf8 17. g4 Ng7 18. Rac1 Qb6 19. Be3 Rab8 20. Qd3 Rb7 21. Nd2 a5 22. Nb1 Ra7 23. Qb3 Qxb3 24. axb3 Ra6 25. Nc3 Ne8 26. Na4 Bb4 27. Nc5 Rb6 28. Kg2 Kg7 29. Na4 Ra6 30. f4 h5 31. Kf3 hxg4+ 32. hxg4 Kf8 33. Nc5 Bxc5 34. Rxc5 Rb8 35. f5 exf5 36. gxf5 gxf5 37. Rxc6 Rxc6 38. Rxc6 Rxb3 39. Rc5 a4 40. Rxd5 Ng7 41. Rd8+ Ke7 42. Ra8 Ne6 43. Ra7+ Ke8 44. d5 Ng5+ 45. Ke2 Rxb2+ 46. Kd1 Nf3 47. e6 fxe6 48. dxe6 Rb5 49. Ke2 f4 50. Bxf4 Nd4+ 51. Ke3 Nxe6 52. Bd6 Nc5 53. Kd4 Nb7 54. Ba3 Kd7 55. Rxa4 Ra5 1/2-1/2

[Event "Geraardsbergen op 28th"]
[Site "Geraardsbergen"]
[Date "2012.08.14"]
[Round "8"]
[White "Barbier, Sigiswald"]
[Black "Van der Stricht, Geert"]
[Result "1/2-1/2"]
[WhiteElo "2156"]
[BlackElo "2412"]
[PlyCount "78"]
[EventDate "2012.08.11"]
[EventType "swiss"]
[EventRounds "9"]
[EventCountry "BEL"]
[SourceTitle "EXT 2013"]
[Source "ChessBase"]
[SourceDate "2012.11.22"]
[SourceVersion "1"]
[SourceVersionDate "2012.11.22"]
[SourceQuality "1"]

1. c4 e6 2. g3 d5 3. Bg2 Nf6 4. Nf3 Be7 5. 0-0 0-0 6. b3 Nc6 7. Bb2 d4 8. e3 e5 9. exd4 exd4 10. d3 a5 11. Na3 Bxa3 12. Bxa3 Re8 13. Qd2 Bf5 14. Rfe1 Qd7 15. Rad1 h6 16. Bc5 Bg4 17. Ba3 Nh7 18. Rxe8+ Rxe8 19. Re1 Bxf3 20. Bxf3 Ng5 21. Rxe8+ Qxe8 22. Bg2 Qe6 23. h4 Nh7 24. Bxc6 Qxc6 25. Qxa5 Nf6 26. Qe5 Qf3 27. Qxd4 Ng4 28. Bb2 f6 29. Qd5+ Qxd5 30. cxd5 h5 31. Ba3 Ne5 32. d6 cxd6 33. Bxd6 Nxd3 34. a4 Kf7 35. Kg2 Ke6 36. Bf8 g6 37. Kf3 Kd5 38. Ke3 Ne5 39. f3 Nc6 1/2-1/2

[Event "Geraardsbergen op 28th"]
[Site "Geraardsbergen"]
[Date "2012.08.13"]
[Round "6"]
[White "Barbier, Sigiswald"]
[Black "Van Mechelen, Jan"]
[Result "1/2-1/2"]
[WhiteElo "2156"]
[BlackElo "2243"]
[PlyCount "44"]
[EventDate "2012.08.11"]
[EventType "swiss"]
[EventRounds "9"]
[EventCountry "BEL"]
[SourceTitle "EXT 2013"]
[Source "ChessBase"]
[SourceDate "2012.11.22"]
[SourceVersion "1"]
[SourceVersionDate "2012.11.22"]
[SourceQuality "1"]

1. c4 c5 2. g3 g6 3. Bg2 Bg7 4. Nc3 Nc6 5. a3 d6 6. Rb1 a5 7. Nf3 e5 8. 0-0 Nge7 9. Ne1 Be6 10. Nd5 0-0 11. Nc2 Rb8 12. b4 axb4 13. axb4 b6 14. d3 h6 15. Nce3 Bxd5 16. Nxd5 Nxd5 17. Bxd5 Nxb4 18. Bg2 b5 19. Bd2 bxc4 20. dxc4 Rb6 21. Bxb4 cxb4 22. Qa4 Qb8 1/2-1/2

[Event "BEL-ch op"]
[Site "Lommel"]
[Date "2012.07.06"]
[Round "7"]
[White "Barbier, Sigiswald"]
[Black "Van den Heede, Dorian"]
[Result "1/2-1/2"]
[WhiteElo "2092"]
[BlackElo "1911"]
[PlyCount "166"]
[EventDate "2012.06.30"]
[EventType "swiss"]
[EventRounds "9"]
[EventCountry "BEL"]
[SourceTitle "EXT 2013"]
[Source "ChessBase"]
[SourceDate "2012.11.22"]
[SourceVersion "1"]
[SourceVersionDate "2012.11.22"]
[SourceQuality "1"]

1. c4 f5 2. g3 Nf6 3. Bg2 d6 4. Nc3 e5 5. d3 c6 6. e4 Be7 7. Nge2 0-0 8. 0-0 Na6 9. d4 fxe4 10. Nxe4 Bf5 11. Nxf6+ Bxf6 12. d5 c5 13. Nc3 Qd7 14. Ne4 Nc7 15. Bd2 Be7 16. f4 exf4 17. Bxf4 Ne8 18. Qd2 Nf6 19. Ng5 h6 20. Ne6 Bxe6 21. dxe6 Qxe6 22. Bxb7 Rad8 23. b3 Qd7 24. Bd5+ Nxd5 25. Qxd5+ Kh8 26. Rad1 Bf6 27. Rfe1 Bd4+ 28. Kg2 Qg4 29. h3 Qg6 30. Qe4 Qf6 31. Qe6 g5 32. Qxf6+ Rxf6 33. Be3 Bc3 34. Bd2 Bd4 35. Rf1 Rdf8 36. Rxf6 Rxf6 37. Rf1 Rxf1 38. Kxf1 Kg7 39. Ke2 Kf6 40. Kf3 Kf5 41. Be1 h5 42. g4+ hxg4+ 43. hxg4+ Ke6 44. Ke4 Bf6 45. Bd2 Bd8 46. Be3 a6 47. Bd2 Bf6 48. Bc1 Be7 49. Bb2 Bd8 50. Bc3 Be7 51. a3 Bd8 52. b4 Bb6 53. Bd2 Bd8 54. Be3 cxb4 55. axb4 Be7 56. Bd4 Bd8 57. b5 axb5 58. cxb5 d5+ 59. Kd3 Kd6 60. Kc3 Ba5+ 61. Kb3 Bd2 62. Ka4 Kc7 63. Bc5 Bc3 64. Kb3 Bd2 65. Kc2 Bf4 66. Kd3 Be5 67. Bd4 Bd6 68. Be3 Be7 69. Kc3 Bf6+ 70. Kb4 Be7+ 71. Ka5 Kb7 72. b6 Bf6 73. Kb5 d4 74. Bd2 d3 75. Kc4 Kxb6 76. Kxd3 Kc6 77. Ke4 Kd7 78. Kf5 Bd4 79. Bxg5 Ke8 80. Kg6 Kf8 81. Kh7 Kf7 82. Bh6 Bf6 83. Bf4 Bd8 1/2-1/2

[Event "Wch U20 50th"]
[Site "Chennai"]
[Date "2011.08.15"]
[Round "13"]
[White "Barbier, Sigiswald"]
[Black "Yashas, Devappa"]
[Result "1/2-1/2"]
[WhiteElo "2088"]
[BlackElo "2184"]
[PlyCount "117"]
[EventDate "2011.08.02"]
[EventType "swiss"]
[EventRounds "13"]
[EventCountry "IND"]
[SourceTitle "CBM 143 Extra"]
[Source "ChessBase"]
[SourceDate "2011.08.29"]
[SourceVersion "1"]
[SourceVersionDate "2011.08.29"]
[SourceQuality "1"]

1. c4 e5 2. g3 Nf6 3. Bg2 Nc6 4. Nc3 Bb4 5. Nd5 Nxd5 6. cxd5 Ne7 7. Nf3 Bd6 8. e4 c6 9. d4 cxd5 10. dxe5 Bb4+ 11. Bd2 Qb6 12. 0-0 dxe4 13. Ng5 Bxd2 14. Qxd2 0-0 15. Rfe1 Ng6 16. Rxe4 h6 17. Nf3 a5 18. Rae1 Qa7 19. Nd4 Qb6 20. Nf3 Qa7 21. a4 Qb6 22. Rd4 Re8 23. Rd6 Qc5 24. Rd5 Qc4 25. Rxa5 Rxa5 26. Qxa5 b6 27. Qxb6 Qxa4 28. b4 Ba6 29. Qa5 Qc6 30. h4 Bd3 31. Qc5 Qa6 32. Qd4 Bb5 33. h5 Nf8 34. Bf1 Bxf1 35. Rxf1 Ne6 36. Qe4 Rc8 37. Rd1 Rc4 38. Qd3 Qc6 39. b5 Qxb5 40. Qxd7 Qxd7 41. Rxd7 Re4 42. Kg2 Kf8 43. Rd5 Ke7 44. Ra5 Rg4 45. Kh3 Rc4 46. Ra7+ Rc7 47. Rxc7+ Nxc7 48. Nd4 Ne6 49. Nf5+ Kd7 50. Kg4 Kc6 51. Ne3 Kd7 52. Kf5 Ke7 53. Nd5+ Kd7 54. Nf4 Nc5 55. g4 Ke7 56. g5 hxg5 57. Nd5+ Kf8 58. f3 Ne6 59. Nc3 1/2-1/2

[Event "Wch U20 50th"]
[Site "Chennai"]
[Date "2011.08.14"]
[Round "12"]
[White "Rodriguez Aleman, Eduardo"]
[Black "Barbier, Sigiswald"]
[Result "1/2-1/2"]
[WhiteElo "1997"]
[BlackElo "2088"]
[PlyCount "93"]
[EventDate "2011.08.02"]
[EventType "swiss"]
[EventRounds "13"]
[EventCountry "IND"]
[SourceTitle "CBM 143 Extra"]
[Source "ChessBase"]
[SourceDate "2011.08.29"]
[SourceVersion "1"]
[SourceVersionDate "2011.08.29"]
[SourceQuality "1"]

1. e4 c5 2. Nf3 g6 3. d4 cxd4 4. Nxd4 Nc6 5. c4 Nf6 6. Nc3 d6 7. Be2 Nxd4 8. Qxd4 Bg7 9. Be3 0-0 10. Qd2 Be6 11. f3 Qa5 12. Nd5 Qxd2+ 13. Kxd2 Nxd5 14. cxd5 Bd7 15. Rac1 Rfc8 16. Rxc8+ Rxc8 17. Rc1 Rxc1 18. Kxc1 a6 19. Kc2 Kf8 20. Kb3 Ke8 21. Bb6 Bf6 22. a4 h5 23. h3 Bg5 24. Bd3 Bf4 25. Bc2 h4 26. Kc4 g5 27. b4 f6 28. b5 axb5+ 29. axb5 Bg3 30. Bd4 Bf4 31. Bd3 Kf7 32. Bb6 Bc8 33. Kb3 Bd7 34. Bf2 Ke8 35. Bb6 Kf7 36. Bc7 Bd2 37. Ka4 Be1 38. Ba5 Bf2 39. Bd2 b6 40. Kb3 Kg7 41. Kc2 Bd4 42. Bc4 Be8 43. Kd3 Bf2 44. Ke2 Bd4 45. Kd3 Bf2 46. Ke2 Bd4 47. Kd3 1/2-1/2

[Event "Wch U20 50th"]
[Site "Chennai"]
[Date "2011.08.12"]
[Round "10"]
[White "Kourkoulos Arditis, Stamatis"]
[Black "Barbier, Sigiswald"]
[Result "1-0"]
[WhiteElo "2123"]
[BlackElo "2088"]
[PlyCount "55"]
[EventDate "2011.08.02"]
[EventType "swiss"]
[EventRounds "13"]
[EventCountry "IND"]
[SourceTitle "CBM 143 Extra"]
[Source "ChessBase"]
[SourceDate "2011.08.29"]
[SourceVersion "1"]
[SourceVersionDate "2011.08.29"]
[SourceQuality "1"]

1. e4 c5 2. Nf3 g6 3. d4 cxd4 4. Nxd4 Nc6 5. c4 Nf6 6. Nc3 d6 7. Be2 Nxd4 8. Qxd4 Bg7 9. Be3 0-0 10. Qd2 Be6 11. f3 Qa5 12. 0-0 Rfc8 13. b3 a6 14. b4 Qd8 15. Na4 Nd7 16. Rac1 a5 17. b5 b6 18. f4 f6 19. f5 Bf7 20. fxg6 hxg6 21. Bg4 Rxc4 22. Rxc4 Bxc4 23. Bxd7 Bxf1 24. Be6+ Kf8 25. Kxf1 Rb8 26. Qd5 Qc7 27. Qc6 Qxc6 28. bxc6 1-0

[Event "Wch U20 50th"]
[Site "Chennai"]
[Date "2011.08.11"]
[Round "9"]
[White "Jefic, Srdjan"]
[Black "Barbier, Sigiswald"]
[Result "1/2-1/2"]
[WhiteElo "2143"]
[BlackElo "2088"]
[PlyCount "65"]
[EventDate "2011.08.02"]
[EventType "swiss"]
[EventRounds "13"]
[EventCountry "IND"]
[SourceTitle "CBM 143 Extra"]
[Source "ChessBase"]
[SourceDate "2011.08.29"]
[SourceVersion "1"]
[SourceVersionDate "2011.08.29"]
[SourceQuality "1"]

1. e4 c5 2. Nf3 g6 3. d4 cxd4 4. Nxd4 Nc6 5. Be3 Nf6 6. Nc3 Bg7 7. Bc4 0-0 8. Bb3 a5 9. a4 Ng4 10. Nxc6 Nxe3 11. Nxd8 Nxd1 12. Rxd1 Bxc3+ 13. bxc3 Rxd8 14. e5 d6 15. exd6 Rxd6 16. Rxd6 exd6 17. Kd2 Bd7 18. Bd5 Rb8 19. Re1 Kf8 20. Re4 Bc6 21. Rd4 Ke7 22. Kd3 Bxd5 23. Rxd5 b6 24. Rd4 Kd7 25. Rf4 f5 26. Rh4 h5 27. f3 Re8 28. g4 fxg4 29. fxg4 Re5 30. c4 Kc6 31. Kd4 Rg5 32. gxh5 gxh5 33. h3 1/2-1/2

[Event "Wch U20 50th"]
[Site "Chennai"]
[Date "2011.08.05"]
[Round "4"]
[White "Thavandiran, Shiyam"]
[Black "Barbier, Sigiswald"]
[Result "1-0"]
[WhiteElo "2320"]
[BlackElo "2088"]
[PlyCount "79"]
[EventDate "2011.08.02"]
[EventType "swiss"]
[EventRounds "13"]
[EventCountry "IND"]
[SourceTitle "CBM 143 Extra"]
[Source "ChessBase"]
[SourceDate "2011.08.29"]
[SourceVersion "1"]
[SourceVersionDate "2011.08.29"]
[SourceQuality "1"]

1. e4 c5 2. Nf3 g6 3. d4 cxd4 4. Qxd4 Nf6 5. e5 Nc6 6. Qa4 Nd5 7. Qe4 Nb6 8. Nc3 d5 9. exd6 Bf5 10. Qh4 Bg7 11. Bh6 Bf6 12. Qf4 Qxd6 13. Qxd6 exd6 14. Nb5 Ke7 15. 0-0-0 Rhd8 16. Bd3 Be6 17. Rhe1 Ne5 18. Nxe5 dxe5 19. Be3 Kf8 20. Nc7 Rac8 21. Nxe6+ fxe6 22. f3 Kf7 23. g3 Nd5 24. Bf2 a6 25. Kb1 b5 26. c3 Rc6 27. Be4 Rcd6 28. Rd3 b4 29. cxb4 R6d7 30. a3 Bg5 31. Red1 Ke8 32. Re1 Kf7 33. Red1 Ke8 34. Bc5 Bh6 35. Ka2 Bg5 36. Kb3 Bh6 37. Kc4 Ne3+ 38. Bxe3 Bxe3 39. Rxd7 Rxd7 40. Bc6 1-0

[Event "BEL-ch U20"]
[Site "Houffalize"]
[Date "2011.04.23"]
[Round "9"]
[White "Barbier, Sigiswald"]
[Black "Herman, Jean"]
[Result "1/2-1/2"]
[WhiteElo "2023"]
[BlackElo "2104"]
[PlyCount "92"]
[EventDate "2011.04.17"]
[EventType "tourn"]
[EventRounds "9"]
[EventCountry "BEL"]
[SourceTitle "CBM 142 Extra"]
[Source "ChessBase"]
[SourceDate "2011.06.27"]
[SourceVersion "1"]
[SourceVersionDate "2011.06.27"]
[SourceQuality "1"]

1. c4 e5 2. g3 Nf6 3. Bg2 Nc6 4. Nc3 Bc5 5. Nf3 d6 6. 0-0 0-0 7. d3 h6 8. e3 a6 9. h3 Ba7 10. Nd5 Nxd5 11. cxd5 Ne7 12. d4 e4 13. Nd2 Nxd5 14. Nxe4 Nf6 15. Nc3 d5 16. Kh2 c6 17. b4 Re8 18. Qc2 Bb8 19. a4 h5 20. Qd3 Qd6 21. Rb1 Qe7 22. Ne2 Ne4 23. Qc2 g5 24. Bxe4 dxe4 25. Rh1 Bd6 26. Bd2 Qf6 27. Be1 Qf3 28. Ng1 Qf5 29. Kg2 Be6 30. h4 Qg6 31. Bc3 Bg4 32. Qd2 Bf3+ 33. Nxf3 exf3+ 34. Kxf3 gxh4 35. Rxh4 Qxb1 36. e4 Kf8 37. d5 Ke7 38. dxc6 bxc6 39. e5 Rad8 40. Qg5+ Kd7 41. Rd4 Qh1+ 42. Kf4 Kc7 43. exd6+ Kb7 44. Qf5 f6 45. Qh7+ Ka8 46. Qd3 Kb7 1/2-1/2

[Event "BEL-ch U20"]
[Site "Houffalize"]
[Date "2011.04.20"]
[Round "6"]
[White "Maddens, Martijn"]
[Black "Barbier, Sigiswald"]
[Result "0-1"]
[WhiteElo "1982"]
[BlackElo "2023"]
[PlyCount "95"]
[EventDate "2011.04.17"]
[EventType "tourn"]
[EventRounds "9"]
[EventCountry "BEL"]
[SourceTitle "CBM 142 Extra"]
[Source "ChessBase"]
[SourceDate "2011.06.27"]
[SourceVersion "1"]
[SourceVersionDate "2011.06.27"]
[SourceQuality "1"]

1. e4 c5 2. Nc3 g6 3. g3 Bg7 4. Bg2 Nc6 5. d3 d6 6. Be3 Nf6 7. h3 0-0 8. Qd2 Nd4 9. Nd1 e5 10. c3 Nc6 11. f4 Nh5 12. Ne2 exf4 13. gxf4 f5 14. 0-0 Qe7 15. Nf2 Bd7 16. Rad1 Rad8 17. Nh1 Rfe8 18. Nhg3 Nf6 19. Rfe1 Kh8 20. Bf2 Qf7 21. b3 b6 22. exf5 gxf5 23. Nxf5 Bxf5 24. Bxc6 Bxh3 25. Ng3 Rg8 26. Bg2 Bg4 27. Rc1 Nh5 28. Nxh5 Qxh5 29. Bg3 Bf6 30. Re3 Bf5 31. Kf2 Rxg3 32. Rxg3 Bh4 33. Rh1 Rg8 34. Rxh4 Qxh4 35. Qe3 Qxg3+ 36. Qxg3 Rxg3 37. Kxg3 Bxd3 38. Kg4 Kg7 39. Kg5 h6+ 40. Kg4 Kg6 41. Bc6 Be2+ 42. Kg3 Bd1 43. Be4+ Kf6 44. c4 Bh5 45. Kf2 Bg6 46. Bd5 a5 47. a3 Bc2 48. b4 0-1

[Event "BEL-ch U20"]
[Site "Houffalize"]
[Date "2011.04.18"]
[Round "2"]
[White "Barbier, Sigiswald"]
[Black "Beukema, Stefan"]
[Result "1-0"]
[WhiteElo "2023"]
[BlackElo "2151"]
[PlyCount "159"]
[EventDate "2011.04.17"]
[EventType "tourn"]
[EventRounds "9"]
[EventCountry "BEL"]
[SourceTitle "CBM 142 Extra"]
[Source "ChessBase"]
[SourceDate "2011.06.27"]
[SourceVersion "1"]
[SourceVersionDate "2011.06.27"]
[SourceQuality "1"]

1. c4 Nf6 2. g3 g6 3. Bg2 Bg7 4. Nc3 c6 5. e4 e5 6. Nge2 d6 7. 0-0 0-0 8. d4 exd4 9. Nxd4 Qb6 10. Nde2 Be6 11. b3 Rd8 12. Bg5 Qa5 13. Qd2 Nbd7 14. Rad1 a6 15. h3 b5 16. cxb5 axb5 17. Qe3 Qa3 18. Nd4 b4 19. Na4 Ne5 20. Nxe6 fxe6 21. Qe2 Rxa4 22. bxa4 Nf7 23. e5 Nxe5 24. f4 Nf7 25. Bxf6 Bxf6 26. Qxe6 Kg7 27. Qb3 Qxb3 28. axb3 d5 29. Rfe1 Nd6 30. Bf3 Nf5 31. Kg2 Nd4 32. Rd3 Kf7 33. Red1 c5 34. Rc1 Be7 35. a5 Ke6 36. Re3+ Kf7 37. a6 Nxf3 38. Kxf3 Ra8 39. Rce1 Bd6 40. Ra1 c4 41. bxc4 dxc4 42. Re4 c3 43. Rc4 Ra7 44. Ke4 Be7 45. Kd3 b3 46. Rb1 Rxa6 47. Rxc3 Rd6+ 48. Ke2 Bf6 49. Rc7+ Kg8 50. Rxb3 Rd8 51. Kf3 Ra8 52. g4 Bg7 53. Rd3 h6 54. Rc6 Kh7 55. Rd7 Kh8 56. Rxg6 Ra3+ 57. Ke4 Ra4+ 58. Kf5 Ra5+ 59. Ke6 h5 60. Rgxg7 hxg4 61. Rh7+ Kg8 62. Rdg7+ Kf8 63. Rxg4 Ra6+ 64. Ke5 Ra5+ 65. Ke4 Ra4+ 66. Kf3 Ra3+ 67. Kg2 Ra2+ 68. Kg3 Ra3+ 69. Kh4 Ra4 70. Rb7 Rc4 71. Kh5 Rc5+ 72. Rg5 Rc6 73. Ra5 Rc8 74. f5 Kg8 75. f6 Kh8 76. Raa7 Kg8 77. Rg7+ Kf8 78. Rh7 Kg8 79. Rag7+ Kf8 80. Rh8# 1-0

[Event "Andorra op 28th"]
[Site "La Massana"]
[Date "2010.07.17"]
[Round "1"]
[White "Barbier, Sigiswald"]
[Black "Edouard, Romain"]
[Result "0-1"]
[WhiteElo "2011"]
[BlackElo "2620"]
[PlyCount "80"]
[EventDate "2010.07.17"]
[EventType "swiss"]
[EventRounds "9"]
[EventCountry "AND"]
[SourceTitle "CBM 137 Extra"]
[Source "ChessBase"]
[SourceDate "2010.09.01"]
[SourceVersion "1"]
[SourceVersionDate "2010.09.01"]
[SourceQuality "1"]

1. c4 e5 2. g3 Nf6 3. Bg2 Nc6 4. Nc3 Bb4 5. Nd5 0-0 6. Nxb4 Nxb4 7. Nf3 d6 8. 0-0 Bf5 9. d3 Nc6 10. e4 Bd7 11. h3 Rb8 12. Bg5 h6 13. Be3 b5 14. b3 bxc4 15. bxc4 a5 16. Qd2 Rb4 17. a3 Rb8 18. Nh4 a4 19. f4 exf4 20. Bxf4 Nh5 21. Nf5 Nxf4 22. Rxf4 Qf6 23. Raf1 Bxf5 24. exf5 Nd4 25. R4f2 Rb3 26. Be4 c5 27. Qc1 Qg5 28. Qxg5 hxg5 29. Ra2 Rfb8 30. Rc1 Rb2 31. Rxb2 Rxb2 32. Ra1 Kf8 33. g4 Ke7 34. Re1 Kd7 35. Bd5 f6 36. Kf1 Rb3 37. Bf7 Rxa3 38. Be8+ Kd8 39. Bb5 Nxb5 40. cxb5 Rxd3 0-1

[Event "BEL-ch op"]
[Site "Westerlo"]
[Date "2010.07.06"]
[Round "4"]
[White "Saligo, Pieter"]
[Black "Barbier, Sigiswald"]
[Result "0-1"]
[WhiteElo "1882"]
[BlackElo "2011"]
[PlyCount "109"]
[EventDate "2010.07.03"]
[EventType "swiss"]
[EventRounds "9"]
[EventCountry "BEL"]
[SourceTitle "CBM 137 Extra"]
[Source "ChessBase"]
[SourceDate "2010.09.01"]
[SourceVersion "1"]
[SourceVersionDate "2010.09.01"]
[SourceQuality "1"]

1. d4 Nf6 2. Bf4 e6 3. e3 c5 4. c3 b6 5. Nd2 Be7 6. Ngf3 Bb7 7. Bc4 cxd4 8. exd4 0-0 9. h3 d6 10. 0-0 Nbd7 11. Re1 a6 12. a4 Nd5 13. Bg3 N7f6 14. Bd3 Re8 15. Ne4 Nxe4 16. Bxe4 Qd7 17. Nd2 b5 18. Nb3 Nf6 19. Bxb7 Qxb7 20. a5 Rac8 21. Nd2 Rc7 22. Qe2 Rec8 23. Bh2 Qd5 24. Qe3 h5 25. Kh1 Qf5 26. f3 h4 27. Ne4 Rc6 28. Nxf6+ Bxf6 29. Rad1 d5 30. Rd3 Bd8 31. b4 Bg5 32. f4 Bf6 33. Qf3 Kf8 34. Ree3 Ke7 35. Qg4 Qxg4 36. hxg4 g5 37. f5 Kd7 38. Kg1 Rxc3 39. Be5 Rxd3 40. Rxd3 Bxe5 41. dxe5 Rc4 42. fxe6+ Kxe6 43. Rf3 Rf4 44. Rc3 Kxe5 45. Rc6 Rf6 46. Rc8 Rd6 47. Kf2 Kf4 48. Rb8 Kxg4 49. Rb6 Re6 50. Rb7 Rf6+ 51. Kg1 Kf4 52. Rb6 Ke5 53. Rb8 d4 54. Re8+ Kd5 55. Rb8 0-1

[Event "Geraardsbergen op 25th"]
[Site "Geraardsbergen"]
[Date "2009.08.15"]
[Round "7"]
[White "Barbier, Sigiswald"]
[Black "Legemaat, Gert"]
[Result "1-0"]
[WhiteElo "2036"]
[BlackElo "2232"]
[PlyCount "51"]
[EventDate "2009.08.12"]
[EventType "swiss"]
[EventRounds "9"]
[EventCountry "BEL"]
[SourceTitle "CBM 132 Extra"]
[Source "ChessBase"]
[SourceDate "2009.11.03"]
[SourceVersion "1"]
[SourceVersionDate "2009.11.03"]
[SourceQuality "1"]

1. c4 g6 2. g3 Bg7 3. Bg2 c6 4. Nc3 Nf6 5. e4 d6 6. Nge2 0-0 7. 0-0 e5 8. d3 Nbd7 9. b4 Nh5 10. b5 Nc5 11. Rb1 Kh8 12. d4 Ne6 13. d5 Nd4 14. dxc6 bxc6 15. bxc6 Nxc6 16. Ba3 Nd4 17. Nxd4 exd4 18. Nb5 Be6 19. Nxd6 Qa5 20. Qd3 Rab8 21. Nb7 Qa6 22. Bxf8 Bxc4 23. Bxg7+ Nxg7 24. Qxd4 Bxf1 25. Bxf1 Qxa2 26. Ra1 1-0

[Event "Rochefort op 8th"]
[Site "Rochefort"]
[Date "2009.02.??"]
[Round "1"]
[White "Vernay, Clovis"]
[Black "Barbier, Sigiswald"]
[Result "1-0"]
[WhiteElo "2339"]
[BlackElo "2031"]
[PlyCount "103"]
[EventDate "2009.02.??"]
[EventType "swiss"]
[EventRounds "9"]
[EventCountry "FRA"]
[SourceTitle "EXT 2010"]
[Source "ChessBase"]
[SourceDate "2010.11.25"]
[SourceVersion "1"]
[SourceVersionDate "2010.11.25"]
[SourceQuality "1"]

1. d4 Nf6 2. c4 e6 3. Nf3 Bb4+ 4. Bd2 Qe7 5. g3 0-0 6. Bg2 Nc6 7. 0-0 Bxd2 8. Qxd2 d6 9. d5 Nb8 10. dxe6 fxe6 11. Nc3 a5 12. Rad1 Nbd7 13. Qc2 Nc5 14. b3 Bd7 15. Nd4 Be8 16. e4 Bg6 17. Qe2 e5 18. Ndb5 Bh5 19. f3 Ne6 20. Nd5 Qd8 21. Qd3 Ne8 22. Nbc3 Nd4 23. Ne2 c6 24. Ndf4 Nc2 25. Qd2 Qb6+ 26. Kh1 exf4 27. Qxc2 fxg3 28. hxg3 Rf6 29. Kh2 a4 30. g4 Bf7 31. Nd4 Ra5 32. Qd2 axb3 33. axb3 h5 34. g5 Rg6 35. f4 Qd8 36. Bh3 d5 37. e5 Qa8 38. Rf2 c5 39. Nf5 Rga6 40. cxd5 Ra2 41. Qe3 Nc7 42. Ne7+ Kh8 43. Rxa2 Rxa2+ 44. Kg3 Qd8 45. d6 Ne6 46. g6 Bg8 47. Bxe6 Bxe6 48. Rh1 Bg4 49. Qf3 Bxf3 50. Kxf3 Qxe7 51. dxe7 Ra8 52. Rd1 1-0

[Event "BEL-ch op"]
[Site "Eupen"]
[Date "2008.07.07"]
[Round "3"]
[White "Huesmann, Thomas"]
[Black "Barbier, Sigiswald"]
[Result "1-0"]
[WhiteElo "2247"]
[BlackElo "1945"]
[PlyCount "65"]
[EventDate "2008.07.05"]
[EventType "swiss"]
[EventRounds "9"]
[EventCountry "BEL"]
[SourceTitle "EXT 2019"]
[Source "ChessBase"]
[SourceDate "2018.10.10"]
[SourceVersion "1"]
[SourceVersionDate "2018.10.10"]
[SourceQuality "1"]

1. e4 c5 2. c3 g6 3. d4 cxd4 4. cxd4 d5 5. exd5 Nf6 6. Nc3 Nxd5 7. Qb3 Nb6 8. Bb5+ Bd7 9. Nf3 Bg7 10. 0-0 0-0 11. Bg5 h6 12. Bh4 Bxb5 13. Qxb5 N8d7 14. a4 Re8 15. Rfe1 a5 16. Qb3 Nf6 17. Re5 Nbd7 18. Rb5 b6 19. Re1 Qc7 20. Bg3 Qb7 21. Ne5 e6 22. Nc4 Bf8 23. Nxa5 Qa6 24. Nc4 Nd5 25. Nxd5 exd5 26. Rxe8 Rxe8 27. Ne3 Nf6 28. Rxb6 Qe2 29. Rxf6 Bg7 30. Rf3 Bxd4 31. h3 Qe1+ 32. Kh2 Rc8 33. Qxd5 1-0

[Event "BEL-ch U20/U18"]
[Site "Ostend"]
[Date "2008.04.03"]
[Round "6"]
[White "Gijsen, Stief"]
[Black "Barbier, Sigiswald"]
[Result "1/2-1/2"]
[WhiteElo "2081"]
[BlackElo "1945"]
[PlyCount "68"]
[EventDate "2008.03.31"]
[EventType "swiss"]
[EventRounds "9"]
[EventCountry "BEL"]
[SourceTitle "EXT 2019"]
[Source "ChessBase"]
[SourceDate "2018.10.10"]
[SourceVersion "1"]
[SourceVersionDate "2018.10.10"]
[SourceQuality "1"]

1. e4 c5 2. Nf3 g6 3. c3 Bg7 4. h3 d5 5. exd5 Qxd5 6. d4 cxd4 7. cxd4 Nf6 8. Nc3 Qa5 9. Bc4 0-0 10. 0-0 Nbd7 11. Re1 e6 12. Bd2 Qc7 13. Qb3 Nb6 14. Bd3 a6 15. Rac1 Qd8 16. Bg5 h6 17. Bh4 Nbd5 18. Red1 Qa5 19. a3 b5 20. Ne5 Bb7 21. Ne4 Nxe4 22. Bxe4 g5 23. Bg3 Rfc8 24. Qd3 f5 25. Bf3 Qd8 26. Bh5 Qe7 27. Qe2 Nf6 28. Bf7+ Kh7 29. Bg6+ Kg8 30. h4 Bd5 31. hxg5 hxg5 32. Bf7+ Kh7 33. Bg6+ Kg8 34. Bf7+ Kh7 1/2-1/2